LEADER 00462nab a2200145 i 4500 001 000000278234 003 CaOOAMICUS 005 20180831165105.0 008 180831n xx uu u0 0und r 013 $a29016 040 $aSeMil$bita 245 10$a[vedi periodico]. 500 $a2012. 773 0 $t2012.$dBari : Facoltà Teologica Pugliese, Istituto di Teologia Ecumenico-Patristica "S. Nicola", 2012.$w()217307 996 $6245$a[vedi periodico]$9(OLS)http://semarc/title/309439 LEADER 00602nam a2200169 i 4500 001 000000235878 003 CaOOAMICUS 005 20141117000000.0 008 141117s1867 it u000 u ita u 013 $a214782 040 $aSeMil$bita 245 10$aBasiliche costantine. 300 $a158 p. 773 0 $aDandolo, Tullio <1801-1870>$tRoma cristiana nei primi secoli.$dAsisi : Coi tipi di Domenico Sensi, 1865-1867.$g3$w()30976 850 $aSeMil 852 $aSeMil$W1$xVenegono$y1$m3C II 31 FA$j186224$B186224$CSeMilBibl$Z2$F197090 $8I 996 $6245$aBasiliche costantine$9(OLS)http://semarc/title/336151